000 00483nam a2200181Ia 4500
005 20250508151025.0
008 008 250505s9999 xx 000 0 eng d
037 _aTextual
040 _aFEDL
_beng
_cFEDL
041 _aeng
_2eng
084 _a369.4, YOU
_qFEDL
245 0 _aYouth and the club
260 _aLondon, UK
_bThe Epworth Press
_c1951
300 _a16p.
490 _aBeckly Pamphlets No. 2
942 _cTEXL
_h369.4, YOU
999 _c1327115
_d1327115